| 000 | 02144cam a2200421 i 4500 | ||
|---|---|---|---|
| 001 | 14629808 | ||
| 003 | EG-ScBUE | ||
| 005 | 20260419121344.0 | ||
| 006 | m||||fq||h 00| 0 | ||
| 008 | 061109t2008 njuab f b 001 0 eng d | ||
| 020 | _a9780136135210 | ||
| 020 | _a0136135218 | ||
| 020 | _a0136128041 (CD- Rom) | ||
| 020 | _a9780136128045 (CD- Rom) | ||
| 035 | _a(OCoLC)ocm76142262 | ||
| 035 | _a(OCoLC)76142262 | ||
| 040 |
_aDLC _beng _erda _cDLC _dYDX _dBAKER _dBTCTA _dYDXCP _dDLC _dEG-ScBUE |
||
| 082 | 0 | 4 |
_a550 _222 _bKEL |
| 100 | 1 |
_95113 _aKeller, Edward A., _d1942- _eauthor. |
|
| 245 | 1 | 0 |
_aIntroduction to environmental geology / _cEdward A. Keller. |
| 250 | _aFourth edition. | ||
| 250 | _aPearson International Edition. | ||
| 264 | 1 |
_aUpper Saddle River, N.J. : _bPearson Prentice Hall, _c[2008] |
|
| 264 | 4 | _cc2008 | |
| 300 |
_axviii, 661, [65] pages : _bcolor illustrations, color maps ; _c28 cm + _e1 CD |
||
| 336 |
_2rdacontent _atext _btxt |
||
| 336 |
_2rdacontent _asounds _bsnd |
||
| 337 |
_aunmediated _2rdamedia _bn |
||
| 337 |
_aaudio _2rdamedia _bs |
||
| 338 |
_avolume _bnc _2rdacarrier |
||
| 338 |
_acomputer disc _bcd _2rdacarrier |
||
| 504 | _aIncludes bibliographical references and index. | ||
| 505 | 0 | _aFoundations of environmental geology -- Philosophy and fundamental concepts -- Internal structure of the earth and plate tectonics -- Minerals and rocks -- Earth processes and natural hazards -- Introduction to natural hazards -- Earthquakes and related phenomena -- Volcanic activity -- Rivers and flooding -- Slope processes, landslides, and subsidence -- Coastal processes -- Impact of extraterrestrial objects -- Resources and pollution -- Water resources -- Water pollution -- Mineral resources -- Energy and resources -- Soils and environment -- Waste as a resource -- Air pollution -- Environmental management, global perspectives, and society -- Global climate change -- Geology, society, and the future. | |
| 650 | 7 |
_aEnvironmental geology. _2BUEsh _95114 |
|
| 655 | _vReading book | ||
| 856 | 4 | 1 |
_3Table of contents only _uhttp://www.loc.gov/catdir/toc/ecip074/2006037684.html |
| 942 |
_2ddc _cBB |
||
| 999 |
_c11615 _d11615 |
||